000 00190nam a2200085Ia 4500
008 120527s9999 xx 000 0 und d
100 _aFeagin, R. Joe
245 _aSocial Problems
942 _cBK
999 _c27659
_d27659